Metódy vyučovania na vysokej škole a ich vplyv na rast hodnoty ľudského kapitálu

Problematika rastu hodnoty ľudského kapitálu na vysokej škole, s dôrazom na využívanie metód vyučovania na vysokých školách. Rozbor jednotlivých metód, ich výhody, resp. nevýhody, podmienky, za ktorých sa dajú aplikovať a ich vhodnosť použitia pre výučbu jednotlivých predmetov.

Salvato in:
Dettagli Bibliografici
Autore principale: Deáková, Stanislava, 1974-
Natura: Capitolo di libro
Lingua:slovacco
Soggetti:
Tags: Aggiungi Tag
Nessun Tag, puoi essere il primo ad aggiungerne!!

MARC

LEADER 00000nla$a2200000$$$4500
001 0122782
005 20240502072404.0
041 0 |a slo 
044 |a SK 
245 1 0 |a Metódy vyučovania na vysokej škole a ich vplyv na rast hodnoty ľudského kapitálu  |c Stanislava Deáková 
520 |a Problematika rastu hodnoty ľudského kapitálu na vysokej škole, s dôrazom na využívanie metód vyučovania na vysokých školách. Rozbor jednotlivých metód, ich výhody, resp. nevýhody, podmienky, za ktorých sa dajú aplikovať a ich vhodnosť použitia pre výučbu jednotlivých predmetov. 
610 2 0 |a školy vysoké 
610 2 0 |a vyučovanie 
610 2 0 |a metódy 
610 2 0 |a kapitál ľudský 
100 1 |a Deáková, Stanislava, 1974-